| 000 | 00672nam a2200205 4500 | ||
|---|---|---|---|
| 001 | 120103 | ||
| 003 | ES-MaACL | ||
| 005 | 20230906191451.0 | ||
| 007 | t| | ||
| 008 | 070214s1947 sp r ||||1| spa d | ||
| 100 | 1 |
_aPérez Valiente, Salvador. _991194 |
|
| 245 | 1 | 0 |
_aCuando ya no hay remedio / _cSalvador Pérez Valiente. |
| 260 |
_aValladolid : _b[s.n.], _c1947 ( _fTip. Cuesta) |
||
| 300 |
_a67 p., 1 lám. : _b`retr. aut.` ; _c17 cm. |
||
| 490 | 1 | _aHalcón. Colección de poesía | |
| 500 | _aRetrato del poeta por Antonio Gómez Cano. | ||
| 830 | 0 |
_aHalcón. Colección de poesía _9218647 |
|
| 852 |
_aES-MaACL _j1872-F-15 _bR.24307 |
||
| 999 |
_c120103 _d120103 |
||